| 000 | 00732cam a2200253 4500 | ||
|---|---|---|---|
| 008 | 000000n2000 000 0 eng u | ||
| 020 | _a1860813984 | ||
| 035 | _a(Sirsi) u107919 | ||
| 050 | _a691 | ||
| 100 | _aDickie, Ian | ||
| 110 | _aBuilding Research Establishment | ||
| 245 | _aAssessing environmental impacts of construction: industry consensus, BREEAM and UK Ecopoints | ||
| 260 |
_aLondon _bCRC Ltd _c2000 |
||
| 300 | _a12p. ; 30cm. | ||
| 490 |
_aBRE Digest _v446 |
||
| 650 | _aBREEAM | ||
| 650 | _aBUILT ENVIRONMENT | ||
| 650 | _aENVIRONMENTAL IMPACT ASSESSMENTS | ||
| 650 | _aSUSTAINABLE CONSTRUCTION | ||
| 650 | _aUK ECOPOINTS | ||
| 690 | _aBUILT ENVIRONMENT | ||
| 700 | _aHoward, Nigel | ||
| 942 | _n0 | ||
| 999 |
_c100735 _d100735 |
||